Statistics for NFL Cleveland Browns First Round Picks

Click here to take the quiz!

General Stats

  • This quiz has been taken 20 times
  • The average score is 7 of 13

Answer Stats

YearPickAnswer% Correct
20181Baker Mayfield
100%
20171Myles Garrett
100%
20184Denzel Ward
83%
201422Johnny Manziel
83%
202010Jedrick Wills Jr.
72%
202126Greg Newsome II
44%
201615Corey Coleman
39%
20148Justin Gilbert
39%
201729David Njoku
33%
201725Jabrill Peppers
28%
20136Barkevious Mingo
22%
201512Danny Shelton
17%
201519Cameron Erving
0%

Score Distribution

Percentile by Number Answered

Percent of People with Each Score

Your Score History

You have not taken this quiz